Zamestnávanie občanov so zdravotným postihnutím

Povinnosti zamestnávateľa pri zamestnávaní občanov so zdravotným postihnutím. Príspevok na zriadenie chránenej dielne alebo chráneného pracoviska. Príspevok na udržanie občana so zdravotným postihnutím v zamestnaní. Príspevok na činnosť pracovného asistenta. Príspevok na úhradu prevádzkových náklado...

Description complète

Enregistré dans:
Détails bibliographiques
Auteur principal: Tichý, Miroslav
Format: Chapitre de livre
Langue:slovaque
Sujets:
Tags: Ajouter un tag
Pas de tags, Soyez le premier à ajouter un tag!

MARC

LEADER 00000naa a2200000 4500
001 0280893
005 20240417075150.5
041 0 |a slo 
044 |a SK 
245 1 0 |a Zamestnávanie občanov so zdravotným postihnutím  |c Miroslav Tichý 
520 |a Povinnosti zamestnávateľa pri zamestnávaní občanov so zdravotným postihnutím. Príspevok na zriadenie chránenej dielne alebo chráneného pracoviska. Príspevok na udržanie občana so zdravotným postihnutím v zamestnaní. Príspevok na činnosť pracovného asistenta. Príspevok na úhradu prevádzkových nákladov chránenej dielne alebo chráneného pracoviska. 
610 2 0 |a zamestnanci 
610 2 0 |a osoby so zníženou pracovnou schopnosťou 
610 2 0 |a osoby zdravotne postihnuté 
610 2 0 |a zamestnávatelia 
610 2 0 |a dielne chránené 
610 2 0 |a pracovisko chránené 
610 2 0 |a asistenti 
610 2 0 |a pomoc finančná 
610 2 0 |a legislatíva 
100 1 |a Tichý, Miroslav